| 000 | 01917nam0a22003371 4500 | ||
|---|---|---|---|
| 001 | rc\3233816 | ||
| 005 | 20260407224525.0 | ||
| 010 |
_dБеспл. _9600 |
||
| 021 |
_aRU _b[69-34770] |
||
| 035 | _a(NLR Aleph) 007472743 | ||
| 090 |
_a7433963 _c7433963 |
||
| 100 | _a20130115d1969 |||y0rusy50 ca | ||
| 101 | 0 | _arus | |
| 102 | _aRU | ||
| 105 | _aa z 1|||| | ||
| 200 | 1 |
_aЭлектроника в медицине, биологии и спорте _eматериалы XXIV научно-технической конференции, посвященной Дню радио и Дню связиста. (14-17 апреля 1969 г.) _fпод общ. ред. Ю.Н. Верхало _gНауч.-техн. о-во радиотехники, электроники и связи им. А.С. Попова. Ленингр. обл. правл. |
|
| 210 |
_aЛенинград _cБ. и. _d1969 |
||
| 215 |
_a72 с. _cил. _d23 |
||
| 606 |
_aЭлектроника _xПрименение в биологии _jСборники _2nlr_sh |
||
| 606 | 1 |
_aЭлектроника _jСборники _xПрименение в медицине _91959902 _3RU\NLR\AUTH\661184621 |
|
| 606 | 1 |
_aЭлектроника _jСборники _xПрименение в спорте _xНаучные конференции _91964435 _3RU\NLR\AUTH\661186829 |
|
| 620 |
_aRU _dСанкт-Петербург |
||
| 702 | 1 |
_aВерхало _bЮ. Н. _f1927- _gЮрий Николаевич _4340 |
|
| 712 | 0 | 2 |
_4650 _aНТО радиотехники и электросвязи им. А. С. Попова _cМосква _bЛенинградская областная научно-техническая конференция _d24 _f1969 _3RU\NLR\AUTH\8810152818 _9800681 |
| 801 | 0 |
_aRU _bNLR _gpsbo |
|
| 801 | 1 |
_aRU _bELAR _2rusmarc |
|
| 801 | 2 |
_aRU _bNLR _c20160714 _2rusmarc |
|
| 852 |
_aNLR _j69-6/5074 |
||
| 852 |
_aNLR _bМф _jК1/6411 |
||
| 942 | _cBOOK | ||
| 980 | _aNB | ||